| 000 | 00362nam a22001457a 4500 | ||
|---|---|---|---|
| 020 | _a0-13-822379-3 | ||
| 041 | _aENG | ||
| 100 | _aCheng Liu | ||
| 245 | _aSoil Properties Testing , Measurement and Evaluation | ||
| 260 |
_aNew Jersey _bPrentice-Hall, Inc.Englewood Cliffs _c1984 |
||
| 300 | _a315 | ||
| 650 | _aSWCE | ||
| 700 | _aJack B.Evett | ||
| 856 | _uSWCE | ||
| 999 |
_c3230 _d3230 |
||